000 00276nam a2200109Ia 4500
008 190912s9999||||xx |||||||||||||| ||und||
100 _aJordan,Harry F.
245 0 _aComputer Systems Design and Architecture
260 _aPakistan
_bAddision
_c1997
300 _a571
942 _cBK
999 _c7488
_d7488